[ Geneticky modifikované plodiny ]

Z obsahu: Európa geneticky modifikovaným plodinám dvere otvorila a zase privrela. Na Slovensku sa GM (geneticky modifikované) osivá zatiaľ nesejú, s výrobkami z takýchto surovín sa však spotrebitelia v obchodoch môžu stretnúť. Slovensko ešte nemá pravidlá spolužitia plodín. Španieli sú v únii s GM p...

Full description

Saved in:
Bibliographic Details
Main Author: Janků, Jana
Format: Book Chapter
Language:Slovak
Subjects:
Tags: Add Tag
No Tags, Be the first to tag this record!

MARC

LEADER 00000naa$a2200000$$$4500
001 0025746
005 20231009081046.0
041 0 |a slo 
044 |a SK 
245 1 0 |a [ Geneticky modifikované plodiny ]  |c Jana Janků 
520 |a Z obsahu: Európa geneticky modifikovaným plodinám dvere otvorila a zase privrela. Na Slovensku sa GM (geneticky modifikované) osivá zatiaľ nesejú, s výrobkami z takýchto surovín sa však spotrebitelia v obchodoch môžu stretnúť. Slovensko ešte nemá pravidlá spolužitia plodín. Španieli sú v únii s GM plodinami najďalej. Európsky pohľad na GMO kriví politika. 
610 2 0 |a plodiny poľnohospodárske 
610 2 0 |a potraviny modifikované geneticky 
610 2 0 |a suroviny 
610 2 0 |a Slovensko 
610 2 0 |a Španielsko 
610 2 0 |a Európska únia 
100 1 |a Janků, Jana